00341nam a2200145Ia 45000030006000000080041000060400015000471000018000622450009000802500006000892600063000953000006001585460014001640050017001780STCL150530s9999 xx 000 0 und d aSTCLcSTCL aBessonova, M. aKana a1 bState Institute of Lanagauge; Trivandrumc1974aTrivandrum a0 aMalayalam20220125165815.0